Countries with "H" - Statistics

General Stats
  • This quiz has been taken 80 times
  • The average score is 25 of 32
Answer Stats
Answer % Correct
Haiti
98%
Honduras
94%
China
92%
South Korea
92%
South Africa
91%
Hungary
89%
North Korea
89%
Kazakhstan
86%
Netherlands
86%
Afghanistan
84%
Liechtenstein
84%
South Sudan
84%
Chile
81%
Thailand
81%
Czech Republic
80%
Philippines
80%
Bangladesh
78%
North Macedonia
78%
Bhutan
77%
Ethiopia
77%
Lithuania
77%
Chad
73%
Bahrain
72%
Bosnia and Herzegovina
72%
Ghana
72%
Lesotho
70%
Bahamas
69%
Seychelles
67%
Democratic Republic of the Congo
64%
Marshall Islands
61%
Republic of the Congo
61%
Saint Vincent and the Grenadines
45%
No matching quizzes found
Score Distribution
Percent of People with Each Score
Percentile by Number Answered
Your Score History
You have not taken this quiz